Представление документа в формате RUSMARC

ПолеНазваниеЗначение
  Тип записи j
  Библиографический уровень m
001 Контрольный номер LIBNET\0000579246
005 Дата корректировки 20201206204959.8
010 Индекс ISBN __
a ISBN (в кор.)
d Цена 208-75
100 Данные общей обработки __
a Данные общей обработки 19160111d2012####||| 0rusy0189 ca
101 Язык документа 0_
a Язык текста rus
102 Страна публикации __
a Страна публикации RU|
105 Кодированные данные (монография) __
a Кодированные данные (монография) nn|||||||f|zy
127 Кодированные данные (звукозаписи-физические характеристики) __
a Продолжительность проигрывания 23 ч 34 мин
200 Заглавие и сведения об ответственности 1_
a Заглавие Повести и рассказы
e Сведения, относящиеся к заглавию [аудиокнига : 12+]
f Первые сведения об ответственности А. И. Куприн ; [читают: Вячеслав Герасимович, Вадим Максимов, Владимир Самойлов, Илья Прудовский]
b Общее обозначение материала Звукозапись
210 Выходные данные __
a Место издания Москва
c Издательство АРДИС
d Дата издания 2012
215 Физическое описание __
a Объем 2 электрон. опт. диска (Audio CD)
c Иллюстрации/тип воспроизводства mp3, stereo
d Формат 12х14 см
225 Серия __
a Серия XX век. Русская проза
225 Серия __
a Серия Аудиокнига
230 Специфическая характеристика материала: электронные ресурсы __
a Обозначение и объем ресурса Электронные звуковые данные
300 Общие примечания __
a Общие примечания Загл. с этикетки диска
323 Примечание о главных создателях, исполнителях, участниках __
a Примечание о главных создателях, исполнителях, участниках Герасимович, В. (читает)
323 Примечание о главных создателях, исполнителях, участниках __
a Примечание о главных создателях, исполнителях, участниках Максимов, В. (читает)
323 Примечание о главных создателях, исполнителях, участниках __
a Примечание о главных создателях, исполнителях, участниках Самойлов, В. (читает)
323 Примечание о главных создателях, исполнителях, участниках __
a Примечание о главных создателях, исполнителях, участниках Прудовский, И. (читает)
327 Примечание о содержании __
a Примечание о содержании Гранатовый браслет
327 Примечание о содержании __
a Примечание о содержании Олеся
327 Примечание о содержании __
a Примечание о содержании Гамбринус
327 Примечание о содержании __
a Примечание о содержании Анафема
327 Примечание о содержании __
a Примечание о содержании Белый пудель
327 Примечание о содержании __
a Примечание о содержании Собачье счастье
327 Примечание о содержании __
a Примечание о содержании Суламифь
327 Примечание о содержании __
a Примечание о содержании В цирке
327 Примечание о содержании __
a Примечание о содержании Листригоны
327 Примечание о содержании __
a Примечание о содержании Колесо времени
327 Примечание о содержании __
a Примечание о содержании Звезда Соломона
330 Аннотация __
a Аннотация Александр Иванович Куприн - один из выдающихся русских писателей начала XX века. Восторженная увлеченность жизнью, неиссякаемый оптимизм и глубокая человечность, многообразие тонко очерченных типов и лирических ситуаций, пластическая сила описаний делают Куприна одним из самых читаемых писателей и в наши дни.
333 Примечание о целевом назначении __
a Примечание о целевом назначении 12+. Для детей старше 12 лет
337 Примечание о системных требованиях (электронные ресурсы) __
a Примечание о системных требованиях (электронные ресурсы) Системные требования: MS Windows ; Pentium 100 ; RAM 16 Мб ; SVGA, 800x600 ; CD-ROM ; зв. карта ; колонки или наушники ; мышь ; аудиосистемы с поддержкой формата MP3: музыкальный центр ; CD/DVD-плеер и т.д.
517 Другие варианты заглавия __
a Другие варианты заглавия Гранатовый браслет
517 Другие варианты заглавия __
a Другие варианты заглавия Олеся
517 Другие варианты заглавия __
a Другие варианты заглавия Гамбринус
517 Другие варианты заглавия __
a Другие варианты заглавия Анафема
517 Другие варианты заглавия __
a Другие варианты заглавия Белый пудель
517 Другие варианты заглавия __
a Другие варианты заглавия Собачье счастье
517 Другие варианты заглавия __
a Другие варианты заглавия Суламифь
517 Другие варианты заглавия __
a Другие варианты заглавия В цирке
517 Другие варианты заглавия __
a Другие варианты заглавия Листригоны
517 Другие варианты заглавия __
a Другие варианты заглавия Колесо времени
517 Другие варианты заглавия __
a Другие варианты заглавия Звезда Соломона
606 Тематические рубрики __
a Основная рубрика Художественная литература
606 Тематические рубрики __
a Основная рубрика Русская литература XIX в. (произведения)
606 Тематические рубрики __
a Основная рубрика Русская литература XX в. (произведения)
610 Ключевые слова __
a Ключевые слова классическая литература
a Ключевые слова повести
a Ключевые слова проза
a Ключевые слова рассказы
a Ключевые слова русская классическая литература
a Ключевые слова тема взаимоотношений
a Ключевые слова тема дворянства
a Ключевые слова тема женщины
a Ключевые слова тема человека
a Ключевые слова тема человеческой души
686 Индексы других классификаций __
2 Код системы rubbks
a Классификационный индекс 84(2=411.2)53-4я04; ст84(2Рос=Рус)1-4я0
700 Автор _1
a Фамилия Куприн
b Имя А. И.
f Даты 1870-1938
g Полное личное имя Александр Иванович
4 Код отношения 070
801 Источник записи _0
a Страна RU
b Организация Муниципальное бюджетное учреждение культуры "Централизованная библиотечная система" г. Сургут (Центральная городская библиотека им. А. С. Пушкина)
c Дата составления 20160111
g Правила каталогизации КиК/Апакова
801 Источник записи _1
a Страна RU
b Организация Муниципальное бюджетное учреждение культуры "Централизованная библиотечная система" г. Сургут (Центральная городская библиотека им. А. С. Пушкина)
c Дата составления 20160111
g Правила каталогизации КиК/Апакова
852 Данные о местонахождении __
j Шифр хранения 84(2=411.2)53-4я04
i Авторский знак К 92
901 Тип документа __
t Тип документа 0
903 Характеристики (МАРС) __
a Дата передачи 20160111
969 Тип издания __
a Тип издания аудиокнига; издание для слепых; сборник
990 Данные о заказе (DOS) __
j Количество экземпляров (DOS) 7
t N записи в КСУ для И/У (DOS) 201601